[Event "AUTO-BEG-570"]
[Site "http://www.queenalice.com/game.php?id=1145239"]
[Date "2013.1.25"]
[Round "1"]
[White "Rastrello"]
[Black "ACamargo"]
[Result "0-1"]
[WhiteElo "1236"]
[BlackElo "1423"]

1. e4 e5 2. d3 Nf6 3. Nf3 d6 4. Be2 h6 5. O-O Be7 6. Nc3 c6 7. b3 Be6 8. a4 Nbd7
9. Qd2 O-O 10. Ba3 Nh7 11. Qe3 d5 12. exd5 cxd5 13. Nxe5 Nxe5 14. Qxe5 Bf6 15.
Qd6 Bxc3 16. Qxd8 Rfxd8 17. Rab1 d4 18. h3 Rac8 19. Bg4 Bxg4 0-1

[Event "AUTO-BEG-570"]
[Site "http://www.queenalice.com/game.php?id=1145240"]
[Date "2013.1.25"]
[Round "1"]
[White "ACamargo"]
[Black "Rastrello"]
[Result "1-0"]
[WhiteElo "1414"]
[BlackElo "1245"]

1. d4 d6 2. c4 Nc6 3. e3 Nf6 4. h3 e5 5. d5 Na5 6. Qa4+ Bd7 7. Qxa5 b6 8. Qc3
Ne4 9. Qc2 f5 10. Bd3 a6 11. Bxe4 fxe4 12. Qxe4 Qg5 13. Nd2 Bf5 14. Qf3 b5 15.
e4 Bg6 16. Nb3 bxc4 17. Bxg5 cxb3 18. Qxb3 1-0

[Event "Challenge"]
[Site "http://www.queenalice.com/game.php?id=1145381"]
[Date "2013.1.26"]
[Round "-"]
[White "jolrath"]
[Black "Rastrello"]
[Result "0-1"]
[WhiteElo "1428"]
[BlackElo "1362"]

1. d4 d6 2. c4 Nf6 3. g3 Be6 4. d5 Bd7 5. Nc3 a6 6. e4 b5 7. b3 bxc4 8. bxc4 e6
9. Qb3 exd5 10. cxd5 Qe7 11. Qb7 Nxe4 12. Qxa8 Qd8 0-1

[Event "Challenge"]
[Site "http://www.queenalice.com/game.php?id=1146033"]
[Date "2013.1.27"]
[Round "-"]
[White "ROYANDROLL"]
[Black "Rastrello"]
[Result "0-1"]
[WhiteElo "1220"]
[BlackElo "1360"]

1. d3 e5 2. Nf3 d6 3. Bg5 Be7 4. g3 Bxg5 5. Nxg5 Qxg5 6. d4 exd4 7. Qxd4 Qc1+ 8.
Qd1 Qxb2 9. Nd2 Nf6 10. Qb1 Qd4 11. Qb3 Qxa1+ 12. Nb1 Be6 13. Qxb7 Bd5 14. Qxa8
Bxa8 0-1

[Event "Challenge"]
[Site "http://www.queenalice.com/game.php?id=1146111"]
[Date "2013.1.28"]
[Round "-"]
[White "andrelazcano"]
[Black "Rastrello"]
[Result "1-0"]
[WhiteElo "1285"]
[BlackElo "1405"]

1. e4 e5 2. Nf3 d6 3. Nc3 Nf6 4. d3 Be7 5. Qd2 O-O 6. Nb5 a6 7. Na3 Nc6 8. Qe3
Nb4 9. d4 exd4 10. Qxd4 d5 11. e5 Ne4 12. Bd2 Bc5 13. Bg5 Qd7 14. Qd1 Nxf2 15.
Kd2 Nxd1 16. Rxd1 Nxa2 17. c3 h6 18. Bh4 f6 19. Ra1 Nb4 20. cxb4 Bxb4+ 21. Kd3
g5 22. Bg3 1-0

[Event "AUTO-INT-2543"]
[Site "http://www.queenalice.com/game.php?id=1146122"]
[Date "2013.1.28"]
[Round "1"]
[White "Ricardoabreu"]
[Black "Rastrello"]
[Result "1-0"]
[WhiteElo "1468"]
[BlackElo "1257"]

1. e4 e5 2. Bc4 Nf6 3. f3 d6 4. b3 Be7 5. Bb2 O-O 6. Nc3 Nc6 7. Nd5 Be6 8. Nxe7+
Qxe7 9. Bxe6 Qxe6 10. a3 Nd4 11. Ne2 d5 12. Nxd4 exd4 13. Bxd4 dxe4 14. Be3 exf3
15. Qxf3 Rab8 16. O-O-O Qe5 17. Kb1 a5 18. a4 b6 19. Bf4 Qc5 20. Kb2 h6 21. Be3
Qh5 22. Qc6 1-0

[Event "AUTO-INT-2543"]
[Site "http://www.queenalice.com/game.php?id=1146123"]
[Date "2013.1.28"]
[Round "1"]
[White "Rastrello"]
[Black "Ricardoabreu"]
[Result "0-1"]
[WhiteElo "1265"]
[BlackElo "1460"]

1. e4 b6 2. d3 g6 3. Nf3 Bg7 4. Be2 Bb7 5. O-O Nf6 6. Nc3 Ng4 7. h3 Ne5 8. Bf4
Nxf3+ 9. Bxf3 e6 10. Nb5 d6 11. Qd2 a6 12. Nd4 Bxd4 13. c3 Bg7 14. Qe3 e5 15.
Bg3 Bf6 16. d4 exd4 17. cxd4 Bg5 18. Bf4 Bxf4 19. Qxf4 Qe7 20. e5 Bxf3 21. gxf3
dxe5 22. dxe5 Nc6 0-1

[Event "AUTO-INT-2543"]
[Site "http://www.queenalice.com/game.php?id=1146150"]
[Date "2013.1.28"]
[Round "1"]
[White "Rastrello"]
[Black "GiulioTorino"]
[Result "0-1"]
[WhiteElo "1312"]
[BlackElo "1739"]

1. e4 e5 2. d3 Nc6 3. Nf3 d6 4. Be2 Bg4 5. Bg5 Nf6 6. Nc3 Be7 7. O-O Qd7 8. h3
Bxh3 9. gxh3 Qxh3 10. Nd5 Rc8 11. Qd2 Nxd5 12. exd5 Nd4 13. Bxe7 Kxe7 14. Qg5+
Kf8 15. Nxd4 exd4 16. Qg4 Qxg4+ 17. Bxg4 Re8 18. Bd7 Re7 19. Bc8 b6 20. Rae1 h5
21. Re2 Rxe2 22. a4 Rxc2 23. Bd7 Rxb2 24. Re1 g5 25. Re8+ Kg7 26. Kg2 Rxe8 27.
Bxe8 a5 28. Kf3 g4+ 0-1

[Event "AUTO-INT-2543"]
[Site "http://www.queenalice.com/game.php?id=1146151"]
[Date "2013.1.28"]
[Round "1"]
[White "GiulioTorino"]
[Black "Rastrello"]
[Result "1-0"]
[WhiteElo "1703"]
[BlackElo "1347"]

1. e4 e5 2. Bc4 Qg5 3. Qf3 f6 4. g3 c6 5. Qb3 Ne7 6. Bf7+ Kd8 7. Bc4 d5 8. h4
Qg6 9. exd5 cxd5 10. Bxd5 Nec6 11. Nc3 Bf5 12. Qxb7 Bxc2 13. Qxa8 Qe8 14. Bxc6
Qxc6 15. Qxc6 Nxc6 16. Nf3 Nd4 17. Nxd4 exd4 18. Nb5 a6 19. Nxd4 Be4 20. O-O h5
21. d3 Bxd3 22. Rd1 Bc2 23. Nxc2+ Ke7 24. Nd4 g5 25. hxg5 fxg5 26. Bxg5+ 1-0

[Event "AUTO-OPEN-2903"]
[Site "http://www.queenalice.com/game.php?id=1146167"]
[Date "2013.1.28"]
[Round "1"]
[White "Canaye"]
[Black "Rastrello"]
[Result "1-0"]
[WhiteElo "1828"]
[BlackElo "1292"]

1. d4 d6 2. c4 Nc6 3. d5 Na5 4. e4 Nf6 5. Nc3 Bg4 6. f3 Bd7 7. b4 Nxc4 8. Bxc4
e6 9. Nge2 exd5 10. Nxd5 b5 11. Bb3 Qc8 12. Bb2 Nxd5 13. Bxd5 Be7 14. Bxa8 Qxa8
15. Nf4 c5 16. bxc5 dxc5 17. O-O g6 18. Bxh8 1-0

[Event "AUTO-OPEN-2903"]
[Site "http://www.queenalice.com/game.php?id=1146168"]
[Date "2013.1.28"]
[Round "1"]
[White "Rastrello"]
[Black "Canaye"]
[Result "0-1"]
[WhiteElo "1290"]
[BlackElo "1830"]

1. e4 e6 2. d3 d5 3. exd5 Qxd5 4. Qf3 Nf6 5. Qxd5 Nxd5 6. Nf3 Bd6 7. Be2 Nc6 8.
O-O O-O 9. a4 Re8 10. b3 e5 11. c3 Bg4 12. c4 Ndb4 13. h3 Bxf3 14. gxf3 Re6 15.
Kh2 e4+ 16. f4 exd3 0-1